| 000 | 00531nam a22001817a 4500 | ||
|---|---|---|---|
| 003 | NUST | ||
| 005 | 20250214161841.0 | ||
| 008 | 171004b xxu||||| |||| 00| 0 eng d | ||
| 040 | _cNUST | ||
| 082 | _a200 | ||
| 100 |
_aKhan,Ahmad Mujtaba _95197 |
||
| 245 |
_aThe statistical value of injury in labor market of Pakistan/ _cAhmad Mujtaba Khan, |
||
| 260 |
_aIslamabad _c2015 |
||
| 300 | _a50p | ||
| 700 |
_aSupervisor: Dr. Asma Hyder _9127868 |
||
| 856 | _uhttp://10.250.8.41:8080/xmlui/handle/123456789/3499 | ||
| 942 |
_2ddc _cSC |
||
| 999 |
_c331550 _d331550 |
||